[Event "45th World Open"]
[Site "Philadelphia"]
[Date "2017.07.02"]
[Round "5"]
[White "Niemann, Hans"]
[Black "Jayaram, Ashwin"]
[Result "0-1"]
[WhiteElo "2282"]
[BlackElo "2492"]
[PlyCount "108"]
[EventDate "2017.07.??"]
[EventType "swiss"]
[EventRounds "9"]
[EventCountry "USA"]

1. d4 Nf6 2. c4 e6 3. Nc3 Bb4 4. Bg5 h6 5. Bh4 b6 6. f3 c5 7. d5 exd5 8. cxd5
O-O 9. e4 Re8 10. Nge2 d6 11. a3 Bxc3+ 12. bxc3 Nbd7 13. Bf2 Nxe4 14. fxe4 Nf6
15. e5 Rxe5 16. Bg3 Rxd5 17. Qb3 Qe7 18. c4 Rd4 19. Bf2 Re4 20. O-O-O Rxe2 21.
Bxe2 Qxe2 22. Rd2 Qg4 23. Re1 Be6 24. h3 Qxg2 25. Bxc5 Qxh3 26. Qxh3 Bxh3 27.
Bxd6 Rc8 28. c5 Nd7 29. Re7 Nxc5 30. Rc2 Bf5 31. Rc3 Nd3+ 32. Kd2 Rd8 33. Rc6
Nc5 34. Ke3 Nd7 35. Kf4 g6 36. Rc7 Nf6 37. Ke5 Ne8 38. Rc6 Nxd6 39. Rxd6 Rxd6
40. Kxd6 a5 41. Rb7 a4 42. Rxb6 Kg7 43. Ke5 Bc2 44. Rc6 Bb3 45. Kf4 g5+ 46. Kf5
Be6+ 47. Ke5 h5 48. Ra6 h4 49. Rxa4 h3 50. Rd4 h2 51. Rd1 g4 52. Kf4 Bd5 53.
Kxg4 h1=Q 54. Rxh1 Bxh1 0-1

[Event "45th World Open"]
[Site "Philadelphia"]
[Date "2017.07.02"]
[Round "5"]
[White "Garcia, Jan"]
[Black "Virkud, Apurva"]
[Result "1-0"]
[WhiteElo "2436"]
[BlackElo "2252"]
[PlyCount "129"]
[EventDate "2017.07.??"]
[EventType "swiss"]
[EventRounds "9"]
[EventCountry "USA"]

1. c4 e6 2. Nc3 d5 3. d4 Be7 4. cxd5 exd5 5. Bf4 c6 6. e3 Nf6 7. Bd3 O-O 8. Qc2
Nbd7 9. Nf3 Re8 10. O-O Nf8 11. h3 g6 12. Rab1 a5 13. a3 Ne6 14. Bh2 Ng7 15. b4
axb4 16. axb4 Bf5 17. b5 Ra3 18. Bxf5 Nxf5 19. bxc6 bxc6 20. Rb8 Qd7 21. Ne5
Qe6 22. Rb6 Rc8 23. Nb1 Raa8 24. Rxc6 Rxc6 25. Qxc6 Rc8 26. Qxe6 fxe6 27. Nd3
Ne4 28. Rc1 Ra8 29. Nc5 Nxc5 30. dxc5 Rc8 31. c6 Bb4 32. c7 Kf7 33. Nc3 Bxc3
34. Rxc3 Ke7 35. Rc6 Ng7 36. g4 Ne8 37. Be5 Kd7 38. Rb6 Nxc7 39. Kg2 Na8 40.
Rb7+ Nc7 41. Rb6 Ne8 42. Kg3 Rc2 43. f4 h6 44. Kh4 Re2 45. Rb7+ Kd8 46. Bd4 Nd6
47. Rg7 h5 48. Rxg6 hxg4 49. hxg4 Ne4 50. Kh3 Nf2+ 51. Kg2 Ne4+ 52. Kf1 Ng3+
53. Kg1 Kd7 54. Rg7+ Kc6 55. Re7 Kd6 56. Ra7 Ne4 57. g5 Nd2 58. Be5+ Kc6 59. g6
Nf3+ 60. Kf1 Rd2 61. Rh7 Rd1+ 62. Ke2 Nxe5 63. Kxd1 Nxg6 64. Rh6 Nf8 65. Rf6
1-0

[Event "45th World Open"]
[Site "Philadelphia"]
[Date "2017.07.02"]
[Round "5"]
[White "Banik, Siddharth"]
[Black "Williams, Justus"]
[Result "1/2-1/2"]
[WhiteElo "2209"]
[BlackElo "2382"]
[PlyCount "104"]
[EventDate "2017.07.??"]
[EventType "swiss"]
[EventRounds "9"]
[EventCountry "USA"]

1. e4 c5 2. Nf3 d6 3. d4 cxd4 4. Nxd4 Nf6 5. Nc3 g6 6. Be2 Bg7 7. O-O O-O 8.
Re1 Nc6 9. Nb3 Be6 10. Bg5 Rc8 11. Bf1 Na5 12. Nd5 Nc4 13. Bxc4 Rxc4 14. Qd3 b5
15. c3 Nxd5 16. exd5 Bf5 17. Qd2 Re8 18. Re2 b4 19. cxb4 h6 20. Be3 Rc2 21. Qd1
Rxb2 22. Bd4 Rxe2 23. Qxe2 Bf8 24. Bxa7 Qa8 25. Qb5 Be4 26. Rd1 Rc8 27. Qa5 Qb7
28. Qb6 Rc7 29. f3 Bf5 30. Qxb7 Rxb7 31. Be3 Rxb4 32. Nd4 Ra4 33. Nxf5 gxf5 34.
Rd2 Bg7 35. f4 Bc3 36. Rd3 Bf6 37. Rd2 Ra5 38. Kf2 Bc3 39. Rc2 Bb4 40. Rb2 Bc5
41. Bxc5 Rxc5 42. Rd2 Rc4 43. Ke3 Re4+ 44. Kf3 Rc4 45. Ke3 Kf8 46. g3 Ke8 47.
Rb2 Kd7 48. Rb7+ Rc7 49. Rb8 Ra7 50. Rf8 Ra3+ 51. Kd4 e5+ 52. fxe5 Ra4+ 1/2-1/2

[Event "45th World Open"]
[Site "Philadelphia"]
[Date "2017.07.02"]
[Round "5"]
[White "Aaron, Deepak"]
[Black "Diano, Eden"]
[Result "1-0"]
[WhiteElo "2321"]
[BlackElo "2147"]
[PlyCount "77"]
[EventDate "2017.07.??"]
[EventType "swiss"]
[EventRounds "9"]
[EventCountry "USA"]

1. e4 c5 2. Nf3 a6 3. d4 cxd4 4. Nxd4 Nf6 5. Bd3 e5 6. Nb3 d5 7. exd5 e4 8. Qe2
Qxd5 9. f3 Bb4+ 10. Bd2 Nc6 11. Nc3 Qe5 12. fxe4 O-O 13. O-O Bg4 14. Qf2 Be6
15. Bf4 Qh5 16. h3 Rfe8 17. Nd2 Rad8 18. Qg3 Bxc3 19. bxc3 Qc5+ 20. Be3 Qxc3
21. Bg5 Nh5 22. Qh4 f6 23. Qxh5 Qc5+ 24. Kh1 Qxg5 25. Qxg5 fxg5 26. Nf3 h6 27.
Rfb1 Re7 28. Rb6 Rc7 29. a4 Kf8 30. Ra3 Ke7 31. Rc3 Rdc8 32. Kg1 Nd8 33. Rxc7+
Rxc7 34. Nd4 Bd7 35. Kf2 Bxa4 36. Ke3 Nc6 37. Nf5+ Kf6 38. h4 gxh4 39. Kf4 1-0

[Event "45th World Open"]
[Site "Philadelphia"]
[Date "2017.07.02"]
[Round "5"]
[White "Bayar, Anu"]
[Black "Yanayt, Eugene"]
[Result "1-0"]
[WhiteElo "2041"]
[BlackElo "2182"]
[PlyCount "37"]
[EventDate "2017.07.??"]
[EventType "swiss"]
[EventRounds "9"]
[EventCountry "USA"]

1. d4 Nf6 2. c4 g6 3. Nc3 Bg7 4. e4 d6 5. f3 O-O 6. Be3 c5 7. dxc5 dxc5 8. Qxd8
Rxd8 9. Bxc5 Nc6 10. Nge2 Nd7 11. Be3 Nce5 12. Nf4 e6 13. Rc1 b6 14. Be2 Ba6
15. b3 Bh8 16. O-O g5 17. Nh3 h6 18. Nf2 Bf6 19. h4 1-0

[Event "45th World Open"]
[Site "Philadelphia"]
[Date "2017.07.02"]
[Round "5"]
[White "Zhu, Qingyu"]
[Black "Cooke, Eric"]
[Result "1-0"]
[WhiteElo "1964"]
[BlackElo "2118"]
[PlyCount "155"]
[EventDate "2017.07.??"]
[EventType "swiss"]
[EventRounds "9"]
[EventCountry "USA"]

1. e4 e6 2. d4 d5 3. Nc3 Bb4 4. e5 c5 5. a3 Bxc3+ 6. bxc3 Ne7 7. Qg4 Qc7 8.
Qxg7 Rg8 9. Qxh7 cxd4 10. Ne2 Nbc6 11. f4 Bd7 12. Qd3 dxc3 13. Nxc3 a6 14. Rb1
Na5 15. h4 Nf5 16. Rh3 O-O-O 17. Ne2 Nc4 18. Nd4 Qc5 19. Nxf5 exf5 20. Be3 Nxe3
21. Qxe3 d4 22. Qd3 Be6 23. g3 Rd7 24. Bg2 Kb8 25. Qxa6 Bd5 26. Bxd5 Qxd5 27.
Qb5 Qe4+ 28. Qe2 Qc6 29. Rb3 Rc8 30. h5 Rh8 31. Rh2 Qd5 32. Qd3 Qe6 33. Qb5 Rc7
34. Qb6 Qd5 35. h6 Qe4+ 36. Kd1 Rc3 37. Rxc3 dxc3 38. Qd6+ Ka8 39. Qd3 Qc6 40.
h7 Qg6 41. Qxc3 Rxh7 42. Rxh7 Qxh7 43. Kc1 Qh1+ 44. Kb2 Qd5 45. Qb3 Qd4+ 46.
Ka2 Qd7 47. Qc4 Qd2 48. Qd3 Qg2 49. Qxf5 Qd5+ 50. Kb2 Qd4+ 51. Kb3 Qd5+ 52. c4
Qf3+ 53. Kb4 Qxg3 54. Qxf7 Qe1+ 55. Kc5 Qe3+ 56. Kd5 Qd3+ 57. Ke6 Qxc4+ 58. Ke7
Qc5+ 59. Kf6 Qxa3 60. f5 Qb4 61. Qe8+ Ka7 62. Kf7 Qh4 63. f6 Qh7+ 64. Kf8 Qh8+
65. Ke7 Qh7+ 66. Qf7 Qc2 67. Qe6 Qc7+ 68. Kf8 Qc5+ 69. Qe7 Qc8+ 70. Kf7 Qh8 71.
e6 Qh5+ 72. Kg7 Qg5+ 73. Kf8 Qh5 74. Qg7 Qc5+ 75. e7 Qb4 76. f7 Qc5 77. Qf6 Qb4
78. Kg8 1-0

[Event "45th World Open"]
[Site "Philadelphia"]
[Date "2017.07.03"]
[Round "6.1"]
[White "Zherebukh, Yaroslav"]
[Black "Le, Liem"]
[Result "1/2-1/2"]
[WhiteElo "2642"]
[BlackElo "2726"]
[PlyCount "66"]
[EventDate "2017.07.??"]
[EventType "swiss"]
[EventRounds "9"]
[EventCountry "USA"]
[WhiteClock "0:16:34"]
[BlackClock "0:29:24"]

1. d4 Nf6 2. c4 e6 3. Nf3 d5 4. Nc3 Bb4 5. Qa4+ Nc6 6. e3 O-O 7. Bd2 dxc4 8.
Bxc4 Bd6 9. a3 e5 10. d5 Ne7 11. e4 Bd7 12. Qd1 h6 13. O-O c6 14. dxc6 Bxc6 15.
Qe2 Ng6 16. Rfd1 Qe7 17. Be3 Rfc8 18. Nd2 a6 19. Nf1 Bd7 20. Qd3 Bc5 21. g3 Be6
22. Bxc5 Rxc5 23. Ne3 Rac8 24. Ncd5 Bxd5 25. Bxd5 Nxd5 26. exd5 Qd6 27. Qe4 Ne7
28. b3 f5 29. Nxf5 Nxf5 30. Qxf5 Rd8 31. b4 Rxd5 32. Rxd5 Qxd5 33. Re1 Re8
1/2-1/2

[Event "45th World Open"]
[Site "Philadelphia"]
[Date "2017.07.03"]
[Round "6.2"]
[White "Xiong, Jeffrey"]
[Black "Petrosian, Tigran"]
[Result "1-0"]
[WhiteElo "2658"]
[BlackElo "2595"]
[PlyCount "103"]
[EventDate "2017.07.??"]
[EventType "swiss"]
[EventRounds "9"]
[EventCountry "USA"]
[WhiteClock "0:37:02"]
[BlackClock "0:00:10"]

1. d4 d6 2. Nf3 g6 3. c4 Bg7 4. g3 Nf6 5. Bg2 O-O 6. Nc3 c6 7. O-O Nbd7 8. e4
e5 9. h3 a6 10. Be3 Re8 11. d5 c5 12. a4 a5 13. Ne1 Nb8 14. Nc2 Na6 15. Na3 b6
16. Kh2 h5 17. Kh1 Nh7 18. Nab5 Nc7 19. Nxc7 Qxc7 20. f4 exf4 21. Nb5 Qd8 22.
gxf4 Ba6 23. Qb3 Bxb5 24. Qxb5 Nf6 25. e5 dxe5 26. f5 Qd6 27. Qc6 Red8 28. fxg6
fxg6 29. h4 Rac8 30. Qxd6 Rxd6 31. Bh3 Ng4 32. Rg1 Rf8 33. Bxg4 hxg4 34. Rxg4
Rf3 35. Re4 Rdf6 36. Kg2 Bf8 37. Ra3 R3f5 38. Rb3 Kh7 39. Bg5 Rf2+ 40. Kg3 Rf7
41. Rxb6 R2f3+ 42. Kg4 Rf1 43. Be3 Re1 44. Rxe5 Bh6 45. Rbe6 Bxe3 46. Rxe3 Rg1+
47. Kh3 Rf2 48. b3 Rgg2 49. Rg3 Rh2+ 50. Kg4 Kg7 51. d6 Rd2 52. Kg5 1-0

[Event "45th World Open"]
[Site "Philadelphia"]
[Date "2017.07.03"]
[Round "6.3"]
[White "Batista, Lazaro"]
[Black "Barbosa, Oliver"]
[Result "0-1"]
[WhiteElo "2653"]
[BlackElo "2511"]
[PlyCount "92"]
[EventDate "2017.07.??"]
[EventType "swiss"]
[EventRounds "9"]
[EventCountry "USA"]
[WhiteClock "0:07:41"]
[BlackClock "0:29:15"]

1. e4 e5 2. Nf3 Nc6 3. Bb5 Nf6 4. d3 d6 5. O-O Bd7 6. Re1 a6 7. Bxc6 Bxc6 8. c4
Be7 9. Nc3 O-O 10. d4 Re8 11. Qc2 exd4 12. Nxd4 Nd7 13. Be3 Ne5 14. b3 Ng4 15.
Bf4 Bg5 16. Qd2 Bxf4 17. Qxf4 Qf6 18. Qxf6 Nxf6 19. f3 Bd7 20. Rac1 c6 21. Red1
Rad8 22. Rd2 Kf8 23. Rcd1 Ke7 24. Nc2 Be6 25. g4 g5 26. Ne3 b5 27. Ne2 Nd7 28.
Nd4 Ne5 29. Kg2 bxc4 30. bxc4 Kf6 31. Ndf5 Bxf5 32. gxf5 Ke7 33. c5 f6 34. Rxd6
Rxd6 35. Rxd6 h5 36. h4 gxh4 37. Kh3 Rg8 38. Kxh4 Nxf3+ 39. Kxh5 Rg5+ 40. Kh6
Ne5 41. Re6+ Kf7 42. Rxe5 Rg1 43. Kh5 Rh1+ 44. Kg4 fxe5 45. Nc4 Kf6 46. Na5 Rf1
0-1

[Event "45th World Open"]
[Site "Philadelphia"]
[Date "2017.07.03"]
[Round "6.4"]
[White "Fishbein, Alexander"]
[Black "Daza, Emilio"]
[Result "1/2-1/2"]
[WhiteElo "2466"]
[BlackElo "2651"]
[PlyCount "74"]
[EventDate "2017.07.??"]
[EventType "swiss"]
[EventRounds "9"]
[EventCountry "USA"]
[WhiteClock "0:11:02"]
[BlackClock "0:14:25"]

1. e4 c5 2. Nf3 Nc6 3. d4 cxd4 4. Nxd4 g6 5. c4 Bg7 6. Be3 Nf6 7. Nc3 d6 8. Be2
Bd7 9. O-O O-O 10. Qd2 Qa5 11. Nb3 Qd8 12. f3 b6 13. Bg5 Be6 14. Rac1 a5 15.
Na1 Nd7 16. Nc2 Nc5 17. Na3 f5 18. exf5 Rxf5 19. Nab5 Rc8 20. Be3 Qd7 21. Rcd1
Kh8 22. b3 Rcf8 23. Ne4 Qd8 24. Nxc5 bxc5 25. Bd3 Rh5 26. Be4 Bd7 27. f4 Qc8
28. a4 Nb4 29. Qe2 Bg4 30. Bf3 Bxf3 31. Qxf3 Rhf5 32. Qe4 Qc6 33. Qxc6 Nxc6 34.
g3 Kg8 35. Kg2 Rd8 36. Rfe1 Rff8 37. Re2 Kf7 1/2-1/2

[Event "45th World Open"]
[Site "Philadelphia"]
[Date "2017.07.03"]
[Round "6"]
[White "Gordievsky, Dmitry"]
[Black "Hernandez, Holden"]
[Result "0-1"]
[WhiteElo "2613"]
[BlackElo "2510"]
[PlyCount "120"]
[EventDate "2017.07.??"]
[EventType "swiss"]
[EventRounds "9"]
[EventCountry "USA"]

1. c4 e5 2. Nc3 Nf6 3. Nf3 Nc6 4. g3 Bb4 5. Nd5 e4 6. Nh4 O-O 7. Bg2 Re8 8. b3
Bf8 9. Bb2 Nxd5 10. cxd5 Nb4 11. O-O Nxd5 12. f3 e3 13. f4 Nf6 14. dxe3 Ng4 15.
e4 Ne3 16. Qd4 Nxf1 17. Rxf1 b6 18. e3 Bb7 19. Nf5 Qf6 20. e5 Qxf5 21. Bxb7
Rad8 22. Be4 Qh5 23. Bf3 Qh6 24. Qc4 c6 25. Kg2 d5 26. Qd3 Qe6 27. h3 a5 28. a4
c5 29. Rd1 c4 30. Qc2 Bb4 31. Bd4 Qc6 32. bxc4 Qxc4 33. Qxc4 dxc4 34. Rc1 c3
35. Bc6 Re7 36. Bb5 Rc7 37. Rc2 Rcc8 38. Kf3 Bc5 39. Ke4 Kf8 40. Ba6 Ra8 41.
Bc4 Rac8 42. Rxc3 Bb4 43. Rc2 Rc6 44. Kd3 Rdc8 45. f5 f6 46. e6 Bd6 47. g4 h6
48. h4 Bg3 49. Rg2 Rxc4 50. Rxg3 Rxa4 51. g5 hxg5 52. hxg5 Rd8 53. Ke4 fxg5 54.
Rxg5 Rb4 55. Ke5 a4 56. e7+ Kxe7 57. Rxg7+ Kf8 58. Ra7 Kg8 59. Ke6 Re8+ 60. Kf6
b5 0-1

[Event "45th World Open"]
[Site "Philadelphia"]
[Date "2017.07.03"]
[Round "6"]
[White "Stripunsky, Alexander"]
[Black "Nyzhnyk, Illia"]
[Result "1/2-1/2"]
[WhiteElo "2536"]
[BlackElo "2612"]
[PlyCount "58"]
[EventDate "2017.07.??"]
[EventType "swiss"]
[EventRounds "9"]
[EventCountry "USA"]

1. e4 e6 2. d4 d5 3. Nd2 c5 4. exd5 Qxd5 5. dxc5 Nf6 6. Ngf3 Qxc5 7. Bd3 Nbd7
8. O-O Qc7 9. Re1 Be7 10. b3 O-O 11. Bb2 b6 12. Ne5 Nc5 13. Bf1 Bb7 14. c4 Nce4
15. Nxe4 Bxe4 16. Bd3 Rad8 17. Qe2 Bxd3 18. Nxd3 Nd7 19. Rad1 Bf6 20. Bxf6 Nxf6
21. Qe5 Rd6 22. Kf1 Rfd8 23. Nb2 R8d7 24. Rxd6 Rxd6 25. Qe2 Rd4 26. Kg1 Qd6 27.
Rd1 Ne4 28. Rd3 f5 29. g3 Nc5 1/2-1/2

[Event "45th World Open"]
[Site "Philadelphia"]
[Date "2017.07.03"]
[Round "6"]
[White "Sevian, Samuel"]
[Black "Abdumalik, Zhansaya"]
[Result "1/2-1/2"]
[WhiteElo "2601"]
[BlackElo "2397"]
[PlyCount "135"]
[EventDate "2017.07.??"]
[EventType "swiss"]
[EventRounds "9"]
[EventCountry "USA"]

1. d4 Nf6 2. Nf3 g6 3. Bf4 Bg7 4. e3 d5 5. Be2 O-O 6. h3 c5 7. c3 b6 8. O-O
Nbd7 9. a4 a6 10. Nbd2 Bb7 11. Ne5 Re8 12. Bf3 Ne4 13. Nxd7 Qxd7 14. a5 b5 15.
Nb3 c4 16. Bxe4 dxe4 17. Nc5 Qc8 18. b4 cxb3 19. Qxb3 e6 20. c4 e5 21. Nxb7
Qxb7 22. dxe5 Bxe5 23. Rab1 Bxf4 24. exf4 Qc7 25. cxb5 axb5 26. Qxb5 Qxa5 27.
Qxa5 Rxa5 28. Rfe1 Ra7 29. Rb4 Rae7 30. Re3 h5 31. Rb5 Kg7 32. Kh2 f5 33. Kg3
Re6 34. Kh4 Kf6 35. Ra3 Rc6 36. Rb7 Rc2 37. Ra6+ Re6 38. Raa7 Re8 39. Rb6+ Re6
40. Rbb7 Re8 41. g4 hxg4 42. hxg4 fxg4 43. Kg3 Rc1 44. Rb6+ Re6 45. Rb8 Re7 46.
Rb6+ Re6 47. Rb8 Re7 48. Rf8+ Kg7 49. Rxe7+ Kxf8 50. Rxe4 Rg1+ 51. Kh2 Rc1 52.
Re5 Rc3 53. Rg5 Rf3 54. Rxg4 Rxf2+ 55. Kg3 Rf1 56. Kg2 Ra1 57. Rxg6 Ra3 58. Rg3
Rxg3+ 59. Kxg3 Kf7 60. Kg4 Kg6 61. f5+ Kf6 62. Kf4 Kf7 63. Kg5 Kg7 64. f6+ Kf7
65. Kf5 Kf8 66. Ke6 Ke8 67. f7+ Kf8 68. Kf6 1/2-1/2

[Event "45th World Open"]
[Site "Philadelphia"]
[Date "2017.07.03"]
[Round "6"]
[White "Tang, Andrew"]
[Black "Sadorra, Julio"]
[Result "1/2-1/2"]
[WhiteElo "2461"]
[BlackElo "2589"]
[PlyCount "234"]
[EventDate "2017.07.??"]
[EventType "swiss"]
[EventRounds "9"]
[EventCountry "USA"]

1. d4 Nf6 2. Bf4 d5 3. e3 e6 4. Nf3 c5 5. Nbd2 Nc6 6. c3 Be7 7. Bd3 Nh5 8. Be5
f6 9. Bg3 g6 10. Qe2 c4 11. Bc2 b5 12. Nh4 f5 13. Nhf3 O-O 14. Ne5 Nxg3 15.
hxg3 Nxe5 16. dxe5 b4 17. Nf3 bxc3 18. bxc3 Rb8 19. a4 Qa5 20. Qd2 Rb2 21. O-O
Bd7 22. Rfb1 Rfb8 23. Rxb2 Rxb2 24. Kf1 Qc7 25. Qc1 Rb8 26. Rb1 g5 27. Rxb8+
Qxb8 28. Nd4 g4 29. Ke2 Qxe5 30. Qb1 Qc7 31. Kd2 Qb6 32. Qh1 Qb8 33. Qh6 Qf8
34. Qf4 Bd6 35. Qg5+ Kh8 36. Ke2 Bc7 37. Kd2 Qg7 38. Qh4 Qf7 39. Qg5 Qg7 40.
Qh4 Kg8 41. Ke2 Ba5 42. Kd2 h6 43. Ne2 e5 44. Kc1 Qg5 45. Qh1 Kg7 46. Kb2 Qf6
47. Ka2 Bd8 48. Qd1 Qc6 49. Qb1 Qb6 50. Qd1 Be6 51. Qc1 Be7 52. Qd1 Bc5 53. Qd2
Be7 54. Qd1 Bf6 55. Qd2 Bg5 56. Qd1 Qb7 57. Qe1 Kf7 58. Ka1 Ke7 59. Qc1 Kd7 60.
Qe1 Qb6 61. Ka2 Kc7 62. Qd1 Bf6 63. Qd2 Kd6 64. Ka1 Qa5 65. Kb2 Qb6+ 66. Ka1
Ke7 67. Qd1 Kf7 68. Qd2 Qb7 69. Qe1 Bd7 70. Qd2 Kg6 71. Ka2 h5 72. Ka1 Be6 73.
Qe1 h4 74. gxh4 Bxh4 75. g3 Bf6 76. Qd2 Qh7 77. Qe1 Qh2 78. Kb2 Qg2 79. Bb1 Bd8
80. Bc2 Ba5 81. Bb1 Kf6 82. Bc2 Bd7 83. Ka2 Bc6 84. Kb2 Qh2 85. Ka2 Bb6 86. Kb2
Qh7 87. Qd1 Bc5 88. Ka2 Bf8 89. Qb1 Qd7 90. Qd1 Bh6 91. Qh1 Kg6 92. Qd1 Bg5 93.
Kb2 Kf6 94. Ka2 Kg7 95. Kb2 Bf6 96. Ka2 a6 97. Kb2 a5 98. Ka2 Kf7 99. Kb2 Ke6
100. Ka2 Qh7 101. Qb1 Bd8 102. Ka1 Bc7 103. Ka2 Kf6 104. Qd1 Qh2 105. Qe1 Bb6
106. Kb2 Bc5 107. Kb1 Qh8 108. Kb2 Be7 109. Ka2 Qe8 110. Qd1 Qd7 111. Ka1 Qd6
112. Qh1 Kg6 113. Qd1 Qa3+ 114. Kb1 Kg5 115. Qh1 Bxa4 116. Qh4+ Kg6 117. Qxg4+
Kh6 1/2-1/2

[Event "45th World Open"]
[Site "Philadelphia"]
[Date "2017.07.03"]
[Round "6"]
[White "Lenderman, Aleksandr"]
[Black "Korley, Kassa"]
[Result "1-0"]
[WhiteElo "2585"]
[BlackElo "2389"]
[PlyCount "83"]
[EventDate "2017.07.??"]
[EventType "swiss"]
[EventRounds "9"]
[EventCountry "USA"]

1. c4 e6 2. g3 Nf6 3. Bg2 d5 4. Nf3 Be7 5. d4 O-O 6. O-O dxc4 7. Ne5 c5 8. dxc5
Qc7 9. Nxc4 Qxc5 10. b3 Rd8 11. Qe1 Nd5 12. Ba3 Qc7 13. Bxe7 Qxe7 14. Nc3 Nc6
15. Rd1 Nb6 16. Nxb6 axb6 17. Rxd8+ Qxd8 18. Qc1 Bd7 19. Rd1 Qe7 20. Qe3 b5 21.
Qb6 b4 22. Nb5 Be8 23. Nc7 Rc8 24. Nxe8 Rxe8 25. Bxc6 bxc6 26. Qxc6 Rd8 27.
Rxd8+ Qxd8 28. Qc5 Qb8 29. a4 bxa3 30. Qxa3 h5 31. Qa4 Qd8 32. Qc4 h4 33. gxh4
Qf6 34. f3 Qe5 35. b4 Qe3+ 36. Kf1 f5 37. b5 Kh7 38. Qc6 Qe5 39. b6 Qxh2 40. b7
Qh1+ 41. Kf2 Qxh4+ 42. Kg2 1-0

[Event "45th World Open"]
[Site "Philadelphia"]
[Date "2017.07.03"]
[Round "6"]
[White "Wheeler, Cameron"]
[Black "Bachmann, Axel"]
[Result "0-1"]
[WhiteElo "2407"]
[BlackElo "2653"]
[PlyCount "52"]
[EventDate "2017.07.??"]
[EventType "swiss"]
[EventRounds "9"]
[EventCountry "USA"]

1. Nf3 Nf6 2. c4 g6 3. Nc3 d6 4. d4 Bg7 5. g3 O-O 6. Bg2 Nbd7 7. O-O e5 8. e4
exd4 9. Nxd4 Re8 10. h3 a6 11. Re1 Rb8 12. Be3 Ne5 13. b3 c5 14. Nde2 b5 15. f4
Ned7 16. Qxd6 b4 17. e5 bxc3 18. exf6 Rxe3 19. fxg7 Rb6 20. Qd1 Rbe6 21. Kf2
Qf6 22. Qc2 Re8 23. Rad1 Qe7 24. Rd3 Nf6 25. Rxc3 Bxh3 26. Qd2 Ne4+ 0-1

[Event "45th World Open"]
[Site "Philadelphia"]
[Date "2017.07.03"]
[Round "6"]
[White "Zhu, Jack"]
[Black "Stukopin, Andrey"]
[Result "0-1"]
[WhiteElo "2400"]
[BlackElo "2577"]
[PlyCount "104"]
[EventDate "2017.07.??"]
[EventType "swiss"]
[EventRounds "9"]
[EventCountry "USA"]

1. e4 c5 2. Nf3 e6 3. d4 cxd4 4. Nxd4 Nc6 5. Nc3 Qc7 6. Be3 a6 7. Qf3 Ne5 8.
Qg3 h5 9. f3 h4 10. Qf2 b5 11. h3 Rb8 12. f4 Nc4 13. Bxc4 Qxc4 14. e5 b4 15.
Nce2 Ne7 16. O-O g6 17. Rad1 Nf5 18. b3 Qc7 19. Nxf5 gxf5 20. Nd4 Bb7 21. Nf3
Be7 22. Rd4 Qa5 23. Rfd1 Bc6 24. Qd2 Qb5 25. Bf2 Qb7 26. Rd3 Rc8 27. Kh2 Rc7
28. Bd4 Be4 29. c4 Bxd3 30. Qxd3 Kd8 31. Qe3 Kc8 32. Qe1 Rd8 33. Nxh4 d5 34. c5
Bxc5 35. Nf3 Kb8 36. h4 Rdc8 37. Qg3 Bf8 38. Qg5 Rc2 39. h5 Qb5 40. Rd2 Rxd2
41. Nxd2 Qe8 42. Kh3 Be7 43. Qg7 Qg8 44. Qxg8 Rxg8 45. Nf3 Kc7 46. Be3 Kd7 47.
g3 Rc8 48. Ne1 Ke8 49. Bd2 a5 50. g4 fxg4+ 51. Kxg4 f5+ 52. Kf3 Kf7 0-1

[Event "45th World Open"]
[Site "Philadelphia"]
[Date "2017.07.03"]
[Round "6"]
[White "Li, Ruifeng"]
[Black "Williams, Justus"]
[Result "1/2-1/2"]
[WhiteElo "2571"]
[BlackElo "2382"]
[PlyCount "102"]
[EventDate "2017.07.??"]
[EventType "swiss"]
[EventRounds "9"]
[EventCountry "USA"]

1. e4 c5 2. Nc3 Nc6 3. g3 g6 4. Bg2 Bg7 5. d3 d6 6. Be3 e5 7. f4 exf4 8. Bxf4
Nge7 9. Nf3 O-O 10. O-O d5 11. Qd2 dxe4 12. Nxe4 c4 13. Bh6 Bxh6 14. Qxh6 Nf5
15. Qf4 cxd3 16. g4 Qb6+ 17. Kh1 Qe3 18. Nf6+ Kg7 19. Qc4 Qe6 20. Nd5 Ne3 21.
Qc3+ f6 22. Nxe3 Qxe3 23. g5 Bf5 24. Rae1 Qf4 25. cxd3 Qb4 26. Qxb4 Nxb4 27.
Re7+ Rf7 28. Rxf7+ Kxf7 29. Nd4 Re8 30. Bxb7 Nxd3 31. Nxf5 gxf5 32. Rxf5 Kg6
33. Rxf6+ Kxg5 34. Rf7 Re1+ 35. Kg2 Re2+ 36. Kg3 Re3+ 37. Bf3 Ne5 38. Kf2 Rb3
39. Rg7+ Kf6 40. axb3 Kxg7 41. Ke3 Kf6 42. Be2 Kg5 43. Kd4 Ng4 44. Kc5 Nxh2 45.
Kb5 Kf4 46. Ka6 Ke3 47. Bh5 Nf3 48. Kxa7 Nd4 49. Bf7 Kd2 50. b4 Nc6+ 51. Kb6
Nxb4 1/2-1/2

[Event "45th World Open"]
[Site "Philadelphia"]
[Date "2017.07.03"]
[Round "6"]
[White "Blatny, Pavel"]
[Black "Belous, Vladimir"]
[Result "1-0"]
[WhiteElo "2392"]
[BlackElo "2567"]
[PlyCount "127"]
[EventDate "2017.07.??"]
[EventType "swiss"]
[EventRounds "9"]
[EventCountry "USA"]

1. b3 Nf6 2. Bb2 g6 3. e3 Bg7 4. g4 h6 5. Bg2 d5 6. h3 c5 7. f4 Nc6 8. Ne2 d4
9. exd4 cxd4 10. Ng3 d3 11. c3 e5 12. f5 Nd5 13. Be4 gxf5 14. gxf5 Bf6 15. Qf3
Rg8 16. Nh5 Bh4+ 17. Kd1 Nf6 18. Nxf6+ Qxf6 19. Qxd3 Rg3 20. Qf1 Ne7 21. Qb5+
Kf8 22. c4 Bxf5 23. Qxb7 Rd8 24. Ba3 Bxe4 25. Qxe4 Rd4 26. Qe2 Kg8 27. Bb2 Ng6
28. Bxd4 exd4 29. Qe4 Rf3 30. Kc1 Rf4 31. Qe8+ Kh7 32. Kb2 Rf2 33. Rd1 Bg5 34.
Qb5 a6 35. Qb7 d3+ 36. Ka3 Rf5 37. Nc3 Bxd2 38. Nd5 Qd6+ 39. b4 Ne5 40. Kb3 Nf3
41. Ka4 Qe5 42. Qd7 Qe4 43. Qc6 Qe2 44. Qd7 Qe4 45. Rxd2 Nxd2 46. Re1 Qxe1 47.
Qxf5+ Kg7 48. Qf6+ Kg8 49. Ne7+ Kf8 50. Ng6+ Ke8 51. Qc6+ Kd8 52. Qd6+ Ke8 53.
Qb8+ Kd7 54. Ne5+ Ke6 55. Qe8+ Kf5 56. Qxf7+ Ke4 57. Qg6+ Kd4 58. Qd6+ Kc3 59.
Qxd3+ Kb2 60. Qa3+ Kc2 61. Qd3+ Kb2 62. c5 Kxa2 63. Qc2+ Ka1 64. Nd3 1-0

[Event "45th World Open"]
[Site "Philadelphia"]
[Date "2017.07.03"]
[Round "6"]
[White "Gorovets, Andrey"]
[Black "Ruiz, Joshua"]
[Result "1-0"]
[WhiteElo "2524"]
[BlackElo "2367"]
[PlyCount "51"]
[EventDate "2017.07.??"]
[EventType "swiss"]
[EventRounds "9"]
[EventCountry "USA"]

1. d4 Nf6 2. Nf3 e6 3. Bf4 b6 4. e3 Bb7 5. h3 Be7 6. Nbd2 c5 7. c3 O-O 8. Bd3
d6 9. O-O Re8 10. a4 Ba6 11. Bb5 Bxb5 12. axb5 Nd5 13. Nc4 Qd7 14. dxc5 bxc5
15. Bxd6 Bxd6 16. e4 Bf4 17. exd5 Qxb5 18. Ra4 Bc7 19. d6 Bb6 20. Nfe5 f6 21.
Na3 Qxf1+ 22. Qxf1 fxe5 23. Qb5 Rd8 24. Qb3 Kf7 25. Nc4 Nd7 26. Nxe5+ 1-0

[Event "45th World Open"]
[Site "Philadelphia"]
[Date "2017.07.03"]
[Round "6"]
[White "Jayaram, Ashwin"]
[Black "Bora, Safal"]
[Result "1/2-1/2"]
[WhiteElo "2492"]
[BlackElo "2366"]
[PlyCount "76"]
[EventDate "2017.07.??"]
[EventType "swiss"]
[EventRounds "9"]
[EventCountry "USA"]

1. d4 Nf6 2. Nf3 g6 3. Bg5 Bg7 4. Nbd2 O-O 5. e3 d6 6. Bc4 c5 7. c3 Nc6 8. O-O
cxd4 9. cxd4 Qb6 10. b3 Bf5 11. Qe2 Rac8 12. Rfc1 Rfd8 13. Bh4 d5 14. Bd3 Bxd3
15. Qxd3 Nb4 16. Qb1 Qa6 17. Bxf6 Bxf6 18. a3 Nd3 19. Rc2 e5 20. dxe5 Nxe5 21.
Nd4 Nc6 22. N2f3 Nxd4 23. Nxd4 Bxd4 24. exd4 Re8 25. h3 Rcd8 26. Qf1 Qb6 27.
Qd3 Re4 28. Rd1 Rde8 29. Rc5 Qd6 30. Qg3 Qxg3 31. fxg3 Re3 32. Rf1 Rxg3 33. Rc7
Re2 34. Rfxf7 Rexg2+ 35. Kf1 Rg1+ 36. Kf2 R1g2+ 37. Kf1 Rg1+ 38. Kf2 R1g2+
1/2-1/2

[Event "45th World Open"]
[Site "Philadelphia"]
[Date "2017.07.03"]
[Round "6"]
[White "Sarkar, Justin"]
[Black "Burke, John"]
[Result "0-1"]
[WhiteElo "2375"]
[BlackElo "2489"]
[PlyCount "82"]
[EventDate "2017.07.??"]
[EventType "swiss"]
[EventRounds "9"]
[EventCountry "USA"]

1. d4 Nf6 2. c4 g6 3. Nc3 d5 4. Bf4 Bg7 5. e3 O-O 6. cxd5 Nxd5 7. Nxd5 Qxd5 8.
Bxc7 Na6 9. Bxa6 Qxg2 10. Qf3 Qxf3 11. Nxf3 bxa6 12. Rc1 f6 13. Rg1 Rf7 14. Ke2
Bd7 15. Rc5 Bb5+ 16. Kd2 e5 17. a3 Rd7 18. Ba5 Bh6 19. Kc2 Bf8 20. Rc3 Be2 21.
Rg3 Bd6 22. dxe5 fxe5 23. Nd2 Rf8 24. Ne4 Be7 25. Bb4 Bxb4 26. axb4 Rb7 27. Rg5
Rxb4 28. Rxe5 Bg4 29. Rc7 Bf5 30. f3 Rfb8 31. Kc1 Bxe4 32. Rxe4 Rxb2 33. Ree7
Rxh2 34. Rxa7 Rc8+ 35. Kd1 Rb8 36. Kc1 Rf8 37. f4 Kh8 38. Rxa6 g5 39. Raa7 g4
40. Rg7 Rg8 41. Rxg8+ Kxg8 0-1